Wheat marketing strategies for the Texas northern High Plains, 1973-1980 /

Bibliographic Details
Main Author: Johnson, Karl E. (Karl Edward)
Corporate Author: Texas Agricultural Experiment Station. Department of Agricultural Economics
Other Authors: Shafer, Carl E.
Format: Government Document Book
Language:English
Published: College Station, Tex. : Dept. of Agricultural Economics, Texas Agricultural Experiment Station, Texas A&M University System, 1983.
Series:Departmental technical report ; no. 83-3.
Subjects:

MARC

Tag First Indicator Second Indicator Subfields
LEADER 00000cam a2200000 a 4500
001 in00001069241
005 20150929093009.0
008 841026s1983 txua bs s00010 eng d
035 |a (OCoLC)11315113 
035 |9 AFM7543AM 
040 |a IKM  |c IKM  |d UtOrBLW 
049 |a IKMd  |a TXAS [tamu] 
086 |a Z TA225.7 T226 83-3  |2 txdocs 
090 |a S561.6.T4  |b J6383 1983 
099 9 |a Z  |a TA225.7  |a T226  |a 83-3 
100 1 |a Johnson, Karl E.  |q (Karl Edward) 
245 1 0 |a Wheat marketing strategies for the Texas northern High Plains, 1973-1980 /  |c Karl E. Johnson and Carl E. Shafer. 
264 1 |a College Station, Tex. :  |b Dept. of Agricultural Economics, Texas Agricultural Experiment Station, Texas A&M University System,  |c 1983. 
300 |a 36 leaves :  |b 1 illustration ;  |c 28 cm. 
336 |a text  |b txt  |2 rdacontent 
337 |a unmediated  |b n  |2 rdamedia 
338 |a volume  |b nc  |2 rdacarrier 
490 1 |a Departmental technical report ;  |v no. 83-3 
504 |a Bibliography: leaves 33-34. 
650 0 |a Wheat  |z Texas  |z High Plains  |x Marketing. 
700 1 |a Shafer, Carl E. 
710 2 |a Texas Agricultural Experiment Station.  |b Department of Agricultural Economics. 
830 0 |a Departmental technical report ;  |v no. 83-3. 
999 |a MARS 
999 f f |s 89c96bad-1c89-3ca8-bd12-78543e074302  |i 9d876995-9854-371d-9720-80935fa7f21e  |t 0 
952 f f |p noncirc  |a Texas A&M University  |b College Station  |c Cushing Memorial Library & Archives  |d Cushing: Texas A&M (Does not check out)  |t 0  |e S561.6.T4 J6383 1983  |h Library of Congress classification  |i unmediated -- volume 
998 f f |a S561.6.T4 J6383 1983  |t 0  |l Cushing: Texas A&M (Does not check out)